00537nam a2200169Ia 4500008004100000020001500041041000800056082001700064100001900081245002400100250000600124260005800130300001200188650002200200999001900222952012600241210716s2003 xx 000 0 und d a8178530724 aeng a005.276 SCED aSceppa, David. aMicrosoft ado .net. a1 aBangalorebWP Publishers & Distributors (P) Ltdc2003 axxi,704 aComputer Networks c186054d186054 001040708MCAaAIMITbAIMITeBook Worldg699.00l0o005.276 SCEDpMCA05562r2026-05-23 00:00:00v594.15w2021-07-16yBK